MARC

LEADER 00000nam0a2200000 4500
001 312019
005 20231102002438.0
035 |a (RuTPU)RU\TPU\book\337386 
090 |a 312019 
100 |a 20151215d1982 m y0rusy50 ca 
101 0 |a rus 
102 |a RU 
105 |a a z 001zy 
200 1 |a Удаление пыли и стружки от режущих инструментов  |f А. Ф. Власов 
205 |a 3-е изд., доп. и перераб. 
210 |a Москва  |c Машиностроение  |d 1982 
215 |a 239 с.  |c ил. 
320 |a Библиогр.: с. 238-239 
606 1 |a Металлорежущие станки  |x Пылеулавливающие устройства  |2 stltpush  |3 (RuTPU)RU\TPU\subj\42643  |9 62302 
610 1 |a стружка 
610 1 |a стружкообразование 
610 1 |a защита 
610 1 |a пыль 
610 1 |a пневматические системы 
610 1 |a удаление 
610 1 |a внедрение 
610 1 |a эффективность 
675 |a 621.9.06-229.8  |v 4 
700 1 |a Власов  |b А. Ф.  |g Александр Филиппович 
801 1 |a RU  |b 63413507  |c 20151215 
801 2 |a RU  |b 63413507  |c 20160727  |g RCR 
942 |c BK